• 首页
  • 本馆介绍
  • 公告通知
  • 最新文献
  • 馆藏检索
  • 电子资源
  • 读者导购
  • 参考咨询
  • 我的图书馆
  • 登录
  • 详细信息显示
  • 放入我的书架
  • 预约/预借图书
  • 作者相关作品
  • 分类相关作品
  • 丛书相关作品
  • 出版社相关作品

书目信息

  • 表格格式
  • 工作单格式
  • 卡片格式
题名:
中草药速认图集
    
 
作者: 天宇 主编
分册:  
出版信息: 福州   福建科学技术出版社  2013.10
页数: 334页
开本: 17cm
丛书名:
单 册:
中图分类: R282.7-64
科图分类:
主题词: 中草药--图集 , 中草药
电子资源:
ISBN: 978-7-5335-4320-4
000 00828nam0 2200265 450
001 0120131148910
005 20140609155110.90
010    @a978-7-5335-4320-4@dCNY28.00
100    @a20131108d2013 em y0chiy0110 ea
101 0  @achi
102    @aCN@b350000
105    @aa z 000yy
106    @ar
200 1  @a中草药速认图集@9zhong cao yao su ren tu ji@f天宇主编
205    @a2版@b修订本
210    @a福州@c福建科学技术出版社@d2013.10
215    @a334页@d17cm
330    @a本书收录了314种常用中草药,依功效分类,每种1码,采用图文结合的形式进行介绍,图片包括植物图和特写图,同时配药材图,便于读者轻松识别。
333    @a中医爱好者
606 0  @a中草药@j图集
606 0  @a中草药
690    @aR282.7-64@v5
701  0 @a天宇@9tian yu@4主编
801  0 @aCN@b人天书店@c20131108
905    @b549983-87@dR282.7-64@e311=2@f5
    
    中草药速认图集/天宇主编.-2版,修订本.-福州:福建科学技术出版社,2013.10
    334页;17cm
    使用对象:中医爱好者
    
    ISBN 978-7-5335-4320-4:CNY28.00
    本书收录了314种常用中草药,依功效分类,每种1码,采用图文结合的形式进行介绍,图片包括植物图和特写图,同时配药材图,便于读者轻松识别。
●
相关链接 在E读中查询图书 在五车中查询图书 在当当中查询图书 在豆瓣中查询图书


正题名:中草药速认图集     索取号:R282.7-64/311=2         预约/预借

序号 登录号 条形码 馆藏地/架位号 状态 备注
1 549983   205499833   第二样本阅览室/ [索取号:R282.7-64/311=2] 在馆    
2 549984   205499842   密集书库-生命科学系/ [索取号:R282.7-64/311=2] 在馆    
3 549985   205499851   第三借阅区/ [索取号:R282.7-64/311=2] 在馆    
4 549986   205499860   第三借阅区/ [索取号:R282.7-64/311=2] 在馆    
5 549987   205499879   第三借阅区/ [索取号:R282.7-64/311=2] 在馆    
唐山师范学院图书馆 欢迎您!
大连网信软件有限公司© 版权所有